Thiết bị truyền nhiệt và chuyển khối

Na minha lista:
Detalhes bibliográficos
Autor principal:  Nguyễn, Văn May
Formato: Sách
Idioma:Undetermined
Publicado em:  Khoa học và Kỹ thuật  2006
Assuntos:
Tags: Adicionar Tag
Sem tags, seja o primeiro a adicionar uma tag!
Thư viện lưu trữ: Trung tâm Thư viện - Trường Đại học Công nghiệp TP. Hồ Chí Minh
LEADER 00533nam a2200157Ia 4500
001 UIH_04693
008 231011s9999 xx 000 0 und d
082 |a  664.02 
100 |a  Nguyễn, Văn May 
245 0 |a  Thiết bị truyền nhiệt và chuyển khối 
245 0 |c  Nguyễn, Văn May 
260 |b  Khoa học và Kỹ thuật 
260 |c  2006 
650 |a  Truyền nhiệt;  
927 |a Sách 
980 |a Trung tâm Thư viện - Trường Đại học Công nghiệp TP. Hồ Chí Minh